| 000 | 00794nam a2200241Ia 4500 | ||
|---|---|---|---|
| 003 | OSt | ||
| 005 | 20250605095627.0 | ||
| 008 | 210716s2013 xx 000 0 und d | ||
| 020 | _a97800077359141 | ||
| 040 | _cAIMIT LIBRARY | ||
| 041 | _aeng | ||
| 082 |
_a658.4095 _21 _bBLAK |
||
| 100 |
_aBlanchard, Ken. _9212866 |
||
| 245 |
_aOne minute manager: _bbalances work and life / _cBy Blanchard Ken ; D W Edington and Marjorie Blanchard. |
||
| 250 | _a1st ed. | ||
| 260 |
_aIndia : _bHarper Collins Publishers India , _c2013. |
||
| 300 |
_a121p. ; _bPB _c20cm. |
||
| 650 |
_aStress and performance _9212867 |
||
| 650 |
_aCharacteristics of a healthy person _9212868 |
||
| 700 |
_aEdington, D W. _9212869 |
||
| 700 |
_aBlanchard, Marjorie _9212870 |
||
| 942 |
_2ddc _cBK _e1st ed. _k658.4095 BLAK |
||
| 999 |
_c208836 _d208836 |
||